Les plus grandes villes du bassin du Rhône sur une carte - Statistiques

Statistiques générales
  • Ce quiz a été pris 7 365 fois
    6 704 depuis la dernière actualisation
  • Le résultat moyen est 10 sur 20
Réponses sur la Carte
Les réponses sont colorées sur une échelle allant du rouge au vert en fonction du pourcentage des utilisateurs qui les ont devinées à leur premier essai. Vous pouvez retrouver ces pourcentages ci-dessous.
 
Statistiques - réponses
Population (2020) Agglomération % Correct
1 715 750 Lyon
100%
456 093 Grenoble
87%
184 530 Annecy
79%
958 530 Genève
77%
466 924 Avignon
73%
132 446 Valence
69%
200 867 Chambéry
65%
250 203 Dijon
62%
438 438 Lausanne
58%
142 054 Besançon
52%
82 619 Thonon-les-Bains
45%
77 926 Belfort
41%
99 763 Vienne
37%
78 972 Chalon-sur-Saône
36%
112 487 Montbéliard
28%
102 464 Alès
26%
87 205 Vevey / Montreux
25%
89 955 Sion
20%
64 218 Voiron
17%
94 112 Cluses
15%
Aucun quiz correspondant
Distribution des résultats
% des personnes avec chaque résultat
Percentile par nombre de réponses
Votre historique - résultats
Vous n’avez pas pris ce quiz depuis la dernière actualisation